[Event "ch-FRA Top 16 GpA"]
[Site "Noyon FRA"]
[Date "2005.04.02"]
[Round "6"]
[White "Krush,I"]
[Black "Nielsen,PH"]
[Result "0-1"]
[WhiteElo "2466"]
[BlackElo "2648"]

1.d4 d5 2.c4 c6 3.Nc3 Nf6 4.e3 e6 5.Nf3 Nbd7 6.Qc2 Bd6 7.Be2 O-O 8.O-O Qe7
9.b3 b6 10.e4 Nxe4 11.Nxe4 dxe4 12.Qxe4 Bb7 13.Bg5 Nf6 14.Qh4 h6 15.Bxf6 Qxf6
16.Qxf6 gxf6 17.Rfd1 Rfd8 18.Ne1 Bb4 19.Rd3 Rd7 20.Nc2 Bf8 21.Bf3 Rad8 22.Rad1 f5
23.Be2 Bg7 24.Kf1 a5 25.g3 Kf8 26.Ke1 Ke7 27.f4 c5 28.dxc5 bxc5 29.Rxd7+ Rxd7
30.Rxd7+ Kxd7 31.Kd2 Be4 32.Bd3 Bc6 33.Ke3 Bb2 34.Ne1 a4 35.bxa4 Bxa4 36.Nf3 f6
37.h3 Kc7 38.Ke2 h5 39.Kd2 Bc6 40.Be2 Kb6 41.Nh4 Be8 42.g4 hxg4 43.hxg4 fxg4
44.Bxg4 f5 45.Be2 Ka5 46.Nf3 Kb4 47.Ne5 Ka3 48.Bf3 Bxe5 49.fxe5 Kxa2 50.Bb7 Kb3
51.Bc8 Bf7 52.Kd3 f4 53.Ba6 Bg6+ 54.Kd2 Bf5 55.Bb5 Bh3 56.Ke2 Ka2  0-1

[Event "ch-FRA Top 16 GpA"]
[Site "Noyon FRA"]
[Date "2005.04.02"]
[Round "6"]
[White "Flear,G"]
[Black "Lautier,J"]
[Result "1-0"]
[WhiteElo "2462"]
[BlackElo "2678"]

1.d4 d5 2.c4 c6 3.Nc3 Nf6 4.e3 e6 5.Nf3 Nbd7 6.Bd3 dxc4 7.Bxc4 b5 8.Be2 b4
9.Na4 Bb7 10.O-O Be7 11.a3 a5 12.Qc2 O-O 13.Rd1 c5 14.dxc5 Qc7 15.axb4 axb4
16.Bd2 Rab8 17.Rdc1 Rfc8 18.Nd4 Be4 19.Qd1 Nxc5 20.Nxc5 Bxc5 21.Nb3 Qe7 22.f3 Bd5
23.Nxc5 Rxc5 24.e4 Bc6 25.Be3 Rxc1 26.Qxc1 Qe8 27.Qc5 Bb5 28.Bd1 Bd7 29.Ra7 h6
30.Bb3 Qd8 31.Bf4 Ra8 32.Bc7 Qc8 33.Rxa8 Qxa8 34.Ba5 Nxe4 35.fxe4 Qxe4 36.Bc4 Qb1+
37.Bf1 Qxb2 38.Bxb4 Kh7 39.Bc3 Qb7 40.Qf8  1-0

[Event "3rd ch-GER Internet Blitz Candidates"]
[Site "playchess INT"]
[Date "2005.04.02"]
[Round "13"]
[White "Lentrodt,T"]
[Black "Rodewis,T"]
[Result "0-1"]
[WhiteElo "2292"]
[BlackElo "2364"]

1.d4 d5 2.c4 c6 3.Nc3 Nf6 4.e3 e6 5.Nf3 Nbd7 6.Bd3 Bb4 7.O-O O-O 8.Bd2 Qe7
9.Qb3 dxc4 10.Bxc4 Bd6 11.e4 e5 12.Qc2 exd4 13.Nxd4 Bxh2+ 14.Kh1 Bc7 15.Nf5 Qc5
16.Ne2 Ng4 17.Be1 b5 18.Bd3 Qxc2 19.Bxc2 Bb7 20.Ned4 Bb6 21.Nxc6 Bxc6 22.Ne7+ Kh8
23.Nxc6 Rac8 24.Nb4 a5 25.Bd1 Nxf2+ 26.Bxf2 Bxf2 27.Rxf2 axb4 28.Bg4 Rc7
29.Bxd7 Rxd7 30.Rc1 Rd4 31.Rxf7 Kg8 32.Rb7 Rxe4 33.Rxb5 h6 34.Rc2 Kh7 35.a4 bxa3
36.bxa3 Rf1+ 37.Kh2 Ra1 38.Rb3 Rh4+ 39.Kg3 Rh5 40.Rcc3 Rg5+ 41.Kf3 Rf1+ 42.Ke2 Rg1
43.g3 Ra1 44.Kf2 h5 45.Kf3 Kh6 46.Rc4 Rg1 47.Kf2 Ra1 48.Rc6+ g6 49.Rcc3 Rf5+
50.Kg2 Ra2+ 51.Kg1 Rff2 52.Rf3 Rg2+ 53.Kf1 Rgc2 54.Rfe3 Kg5 55.Rb1 Kg4 56.Rb4+ Kg5
57.Rb1 Rh2 58.Kg1 Rhg2+ 59.Kf1 Rgc2 60.Rd3 Rc4 61.Rbd1 Rcc2 62.Rb1 Rh2 63.Kg1 Rag2+
64.Kf1 Kg4 65.Rb4+ Kg5 66.Rb1 Rh1+ 67.Kxg2 Rxb1 68.Rd5+ Kh6 69.Ra5 Ra1 70.a4 Ra3
71.Kf2 Kg7 72.Kg2 Kf6 73.Kf2 g5 74.Kg2 Kg6 75.Kf2 g4 76.Kg2 Ra2+ 77.Kg1 Kh6
78.Kh1 Rb2 79.Kg1 Rc2 80.Kh1 Rf2 81.Kg1 Rf3 82.Kg2 Ra3 83.Kg1 Kg6 84.Kg2 Rc3
85.Kh2 Rc4 86.Kg2 Rc2+ 87.Kg1 Rc3  0-1

[Event "1st ch-SCG"]
[Site "Kopaonik SCG"]
[Date "2005.04.03"]
[Round "2"]
[White "Arsovic,G"]
[Black "Kosic,D"]
[Result "1/2-1/2"]
[WhiteElo "2419"]
[BlackElo "2515"]

1.Nf3 d5 2.c4 c6 3.e3 Nf6 4.Nc3 e6 5.d4 Nbd7 6.Bd3 dxc4 7.Bxc4 b5 8.Be2 a6
9.e4 b4 10.e5 bxc3 11.exf6 Nxf6  1/2-1/2

[Event "ch-FRA Top 16 GpA"]
[Site "Noyon FRA"]
[Date "2005.04.03"]
[Round "7"]
[White "Mensch,E"]
[Black "Flear,G"]
[Result "1/2-1/2"]
[WhiteElo "2360"]
[BlackElo "2462"]

1.d4 d5 2.c4 e6 3.Nc3 c6 4.e3 Nf6 5.Nf3 Nbd7 6.Bd3 dxc4 7.Bxc4 b5 8.Be2 Bb7
9.e4 b4 10.e5 bxc3 11.exf6 Nxf6 12.bxc3 Bd6 13.O-O Qc7 14.c4 c5 15.dxc5 Bxc5
16.Ba3 O-O 17.Bxc5 Qxc5 18.Qd4 Rac8 19.Qxc5 Rxc5 20.Nd4 Ne4 21.Nb3 Rc7 22.Rac1 Rd8
23.f3 Nf6 24.Rfd1 Rxd1+ 25.Rxd1 Kf8 26.Kf2 Ke7 27.Nd4 a6 28.Nb3 Nd7 29.Rb1 Bc8
30.Na5 Nc5 31.Ke3 e5 32.g3 f6 33.Rb8 h6 34.Bd3 Nd7 35.Rb4 Nc5 36.Rb8 Nd7
37.Rb4 Nc5  1/2-1/2

[Event "ch-VIE Prelim"]
[Site "Hue VIE"]
[Date "2005.04.04"]
[Round "2"]
[White "Nguyen Huynh Minh H"]
[Black "Nguyen Hoang Tuan"]
[Result "1/2-1/2"]
[WhiteElo "2195"]
[BlackElo "2211"]

1.d4 d5 2.c4 e6 3.Nc3 Nf6 4.Nf3 c6 5.e3 Nbd7 6.Bd3 Bd6 7.O-O O-O 8.e4 dxe4
9.Nxe4 Nxe4 10.Bxe4 h6 11.Bc2 c5 12.Be3 Qc7 13.Qd3 Nf6 14.Rad1 b6 15.dxc5 Bxc5
16.Bxc5 Qxc5 17.Rfe1 Bb7 18.Ne5 Qe7 19.Ng4 Rfd8 20.Nxf6+ Qxf6 21.Qh7+ Kf8
22.b3 Ke7 23.Rxd8 Rxd8 24.Be4 g6 25.Bxb7 Rh8 26.Qxh8 Qxh8 27.Rd1 Qb2 28.Bc6 Qxa2
29.Ba4 Kf6 30.g3 h5 31.Rd7 g5 32.Rxa7 h4 33.Kg2 Qc2 34.Be8 Qxb3 35.Rxf7+ Ke5
36.Rg7 hxg3 37.hxg3 Qxc4 38.Rxg5+ Kf6 39.f4 Qe2+ 40.Kh3 Qf1+ 41.Kg4 Qd1+
42.Kh3 Qh1+ 43.Kg4  1/2-1/2

[Event "7th UI&UL GM"]
[Site "Dhaka BAN"]
[Date "2005.04.05"]
[Round "1"]
[White "Islam,Kh"]
[Black "Chowdhury,So"]
[Result "1/2-1/2"]
[WhiteElo "2312"]
[BlackElo "2163"]

1.d4 d5 2.c4 c6 3.Nc3 Nf6 4.e3 e6 5.Nf3 Nbd7 6.Bd3 dxc4 7.Bxc4 b5 8.Bd3 Bb7
9.O-O a6 10.e4 b4 11.e5 bxc3 12.exf6 Nxf6 13.bxc3 c5 14.Rb1 Qc7 15.Bf4 Qc8
16.Ne5 Be7 17.Qa4+ Kf8 18.Bg5 h6 19.Bxf6 gxf6 20.Nc4 Kg7 21.dxc5 f5 22.Nb6 Qe8
23.Be2 Qxa4 24.Nxa4 Bc6 25.Bd1  1/2-1/2

[Event "ch-VIE Prelim"]
[Site "Hue VIE"]
[Date "2005.04.05"]
[Round "4"]
[White "Ngo Ngoc Quang"]
[Black "Pham Chuong"]
[Result "1-0"]
[WhiteElo "2289"]
[BlackElo "2313"]

1.d4 d5 2.Nf3 Nf6 3.c4 c6 4.Nc3 e6 5.e3 Nbd7 6.Bd3 Be7 7.O-O O-O 8.b3 b6
9.Bb2 Bb7 10.Ne5 c5 11.cxd5 cxd4 12.exd4 Nxd5 13.Nxd5 Bxd5 14.Re1 Nf6 15.Re3 Rc8
16.f4 Bb7 17.Qe2 g6 18.Rf1 Nd5 19.Rg3 Nc3 20.Qe3 Nd5 21.Qe2 Nc3 22.Qe3 Nd5
23.Qe4 f5 24.Qe2 Rf6 25.Bc4 Kg7 26.h4 Rc7 27.h5 Bd6 28.hxg6 hxg6 29.Qh5 Qe8
30.Qg5 Bxe5 31.dxe5 Rf8 32.Bxd5 Bxd5 33.Ba3 Rh8 34.Qf6+ Kg8 35.Rxg6+ Qxg6
36.Qxg6+ Rg7 37.Qe8+ Kh7 38.Qh5+ Kg8 39.Qe2 Rh4 40.Rc1 Rhg4 41.Rc8+ Kh7 42.Rc2 Be4
43.Rd2 Kg8 44.Qb5 Kh7 45.Qe8 R4g6 46.Bf8 Rg8 47.Qf7+ Kh8 48.Kf1 Bc6 49.g4 Bb5+
50.Ke1  1-0

[Event "Belgrade Cup"]
[Site "Belgrade SCG"]
[Date "2005.04.06"]
[Round "2"]
[White "Todorovic,GM"]
[Black "Stamenkovic,A"]
[Result "1-0"]
[WhiteElo "2511"]
[BlackElo "2272"]

1.d4 d5 2.Nf3 c6 3.c4 Nf6 4.Nc3 e6 5.e3 Nbd7 6.Bd3 dxc4 7.Bxc4 b5 8.Be2 Bb7
9.e4 b4 10.e5 bxc3 11.exf6 Nxf6 12.bxc3 Be7 13.Rb1 Qc7 14.Bf4 Qxf4 15.Rxb7 Bd6
16.c4 O-O 17.c5 Bc7 18.O-O Rfc8 19.g3 Qf5 20.Bd3 Qh5 21.Ba6 Nd5 22.Rb3 Rd8
23.Bb7 Rab8 24.Bxc6 Nb4 25.Be4 f5 26.Bb1 Nd5 27.Bc2 Kh8 28.Rxb8 Bxb8 29.Bb3 Nc3
30.Qd3 Ne4 31.Bxe6 Qg6 32.d5 Nxc5 33.Qc4 Ne4 34.Re1 Qf6 35.Qd4 Qf8 36.Rb1 Bd6
37.Kg2 Bc5 38.Qe5 Nd6 39.Rc1 Bb6 40.Rc6 h6 41.Nh4 Kh7 42.Bxf5+ Nxf5 43.Nxf5 Re8
44.Re6 Rxe6 45.dxe6 Bc7 46.Qe4 g6 47.e7 Qe8 48.Nh4 Kg7 49.Nxg6 Kf6 50.Nf4 Bxf4
51.Qxf4+ Kg6 52.Qf8 Qc6+ 53.f3  1-0

[Event "7th UI&UL GM"]
[Site "Dhaka BAN"]
[Date "2005.04.06"]
[Round "2"]
[White "Uten"]
[Black "Rahman,SM"]
[Result "0-1"]
[WhiteElo "2177"]
[BlackElo "2247"]

1.d4 d5 2.c4 c6 3.Nc3 e6 4.e3 Nf6 5.Nf3 Nbd7 6.cxd5 exd5 7.Bd3 Bd6 8.Qc2 O-O
9.g4 Nxg4 10.Bxh7+ Kh8 11.h3 Nh6 12.Bf5 Nxf5 13.Qxf5 Nf6 14.Qg5 Nh7 15.Qg2 Qf6
16.Bd2 Bf5 17.Rg1 Rae8 18.O-O-O b5 19.Nh4 Bd7 20.e4 Rg8 21.Nf3 dxe4 22.Ne5 Bf5
23.Bf4 c5 24.Nxe4 Bxe4 25.Qxe4 cxd4 26.Rde1 d3 27.Re3 Bxe5 28.Bxe5 Rxe5 29.Qxe5 Qxf2
30.Rxd3 Rc8+ 31.Rc3 Qxg1+ 32.Kc2 Qg6+ 33.Kd2 Rd8+ 34.Ke3 Nf6 35.Kf3 Rd3+
36.Rxd3 Qxd3+ 37.Kf4 Nd5+ 38.Kg4 Qg6+  0-1

[Event "Belgrade Cup"]
[Site "Belgrade SCG"]
[Date "2005.04.07"]
[Round "3"]
[White "Zmijanac,D"]
[Black "Raicevic,V1"]
[Result "0-1"]
[WhiteElo "2265"]
[BlackElo "2449"]

1.d4 d5 2.c4 e6 3.Nf3 Nf6 4.Nc3 c6 5.e3 Nbd7 6.Qc2 Bd6 7.g4 h6 8.h3 a6 9.a4 Qe7
10.c5 Bc7 11.a5 e5 12.Be2 e4 13.Nd2 Nf8 14.b4 Ng6 15.Bb2 Nh4 16.O-O Nh7 17.Kh1 Ng5
18.Na4 O-O  0-1

[Event "7th UI&UL GM"]
[Site "Dhaka BAN"]
[Date "2005.04.07"]
[Round "3"]
[White "Singh,Ri"]
[Black "Chowdhury,So"]
[Result "1-0"]
[WhiteElo "2271"]
[BlackElo "2163"]

1.c4 c6 2.d4 d5 3.e3 Nf6 4.Nc3 e6 5.Nf3 Nbd7 6.Bd3 dxc4 7.Bxc4 b5 8.Bd3 Bb7
9.O-O a6 10.e4 b4 11.Ne2 c5 12.d5 exd5 13.e5 Ng4 14.Ng3 Qb6 15.h3 Nh6 16.Bg5 g6
17.Re1 Ng8 18.Qd2 h6 19.e6 Ndf6 20.Bxf6 Nxf6 21.exf7+ Kxf7 22.Ne5+ Kg7 23.Nxg6 c4
24.Bf5 Bd6 25.Nxh8 Rxh8 26.Kh1 Qc5 27.Bc2 Bxg3 28.fxg3 d4 29.Qf4 d3 30.Re5 Qc6
31.Re7+ Kg6 32.Qf2 Re8 33.Rxe8 Qxe8 34.Rf1 Qe6 35.Bd1 Qxh3+ 36.Kg1 Qe6 37.Qd4 Be4
38.Rxf6+ Qxf6 39.Qxe4+ Qf5 40.Qxc4 a5 41.Qg4+  1-0

[Event "It C"]
[Site "Dos Hermanas ESP"]
[Date "2005.04.07"]
[Round "7"]
[White "Ivanov,J"]
[Black "Hidalgo Begines,P"]
[Result "1-0"]
[WhiteElo "2350"]
[BlackElo "2142"]

1.Nf3 d5 2.c4 e6 3.d4 Nf6 4.Nc3 c6 5.e3 Nbd7 6.Qc2 Bd6 7.b3 O-O 8.Bb2 Re8
9.Be2 e5 10.cxd5 Nxd5 11.Nxd5 cxd5 12.dxe5 Nxe5 13.Nxe5 Bxe5 14.Bxe5 Rxe5
15.O-O Bf5 16.Qb2 Qe7 17.Rfd1 Be4 18.Rac1 Rg5 19.f3 Bg6 20.Qd4 Re5 21.Rc3 h6
22.Rdc1 Re8 23.Qxa7 Rxe3 24.Rxe3 Qxe3+ 25.Qxe3 Rxe3 26.Rc8+ Kh7 27.Kf2 Re7
28.Rc5 Bb1 29.a3 d4 30.Rd5 Bc2 31.Bc4 Re3 32.Rxd4 Rc3 33.Bd5 Bxb3 34.Bxb7 Bc2
35.a4 Ra3 36.Bc6 Kg6 37.h4 Kf6 38.g4 Ke6 39.Kg3 Ke5 40.Rd5+ Ke6 41.Rd4 Ke5
42.Rd2 Bxa4 43.Rd5+ Kf6 44.Ra5 Rxf3+ 45.Bxf3  1-0

[Event "7th UI&UL GM"]
[Site "Dhaka BAN"]
[Date "2005.04.08"]
[Round "5"]
[White "Pogorelov,R"]
[Black "Syed Anwar,S"]
[Result "0-1"]
[WhiteElo "2448"]
[BlackElo "2305"]

1.Nf3 Nf6 2.c4 c6 3.Nc3 d5 4.d4 e6 5.e3 Bd6 6.Bd3 O-O 7.O-O Nbd7 8.e4 dxe4
9.Nxe4 Nxe4 10.Bxe4 h6 11.b3 e5 12.Bc2 Re8 13.Re1 exd4 14.Rxe8+ Qxe8 15.Qxd4 Be7
16.Bb2 Nf6 17.Qd3 Qd8 18.Qc3 Be6 19.Nd4 Qb6 20.Qg3 c5 21.Nxe6 Qxe6 22.Qc3 Rd8
23.Re1 Qd6 24.g3 b6 25.Qf3 a5 26.Kg2 Kf8 27.Be5 Qd7 28.Bf5 Qa7 29.Qc6 Qa8
30.Qxa8 Rxa8 31.Bc7 Ra6 32.Rd1 Ne8 33.Bf4 Ra8 34.Rd7 Rd8 35.Ra7 Bd6 36.Be3 Bb8
37.Ra6 Nd6 38.Bg4 Bc7 39.Bf3 Nf5 40.Bc1 Nd6 41.Bd5 Nc8 42.Kf3 Ke8 43.Bf4 Bxf4
44.Kxf4 Kd7 45.Bb7 Nd6 46.Ra7 Nxb7 47.Rxb7+ Kc6 48.Rxf7 Rd2 49.Ke3 Rxa2 50.Rxg7 Rb2
51.f4 Rxb3+ 52.Ke4 Rc3 53.f5 Rxc4+ 54.Ke5 Rc2 55.f6 Rf2 56.Ke6 c4 57.Rg4 Kb5  0-1

[Event "7th UI&UL GM"]
[Site "Dhaka BAN"]
[Date "2005.04.08"]
[Round "5"]
[White "Sriram,J"]
[Black "Rahman,SM"]
[Result "1/2-1/2"]
[WhiteElo "2445"]
[BlackElo "2247"]

1.d4 d5 2.c4 c6 3.Nc3 Nf6 4.e3 e6 5.Nf3 Nbd7 6.Bd3 dxc4 7.Bxc4 b5 8.Bd3 a6
9.e4 c5 10.d5 c4 11.Bc2 Qc7 12.dxe6 fxe6 13.O-O Bd6 14.Nd4 Bxh2+ 15.Kh1 Ne5
16.f4 Neg4 17.e5  1/2-1/2

[Event "It B"]
[Site "Dos Hermanas ESP"]
[Date "2005.04.08"]
[Round "8"]
[White "Franco Ocampos,Z"]
[Black "Cifuentes Parada,R"]
[Result "1/2-1/2"]
[WhiteElo "2519"]
[BlackElo "2521"]

1.Nf3 Nf6 2.c4 e6 3.d4 d5 4.Nc3 c6 5.e3 Nbd7 6.Qc2 Bd6 7.Be2 O-O 8.O-O b6
9.e4 Nxe4 10.Nxe4 dxe4 11.Qxe4 Bb7 12.Bd3 g6  1/2-1/2

[Event "ch-VIE Prelim"]
[Site "Hue VIE"]
[Date "2005.04.08"]
[Round "7"]
[White "Le Quang Liem"]
[Black "Ly Hong Nguyen"]
[Result "1-0"]
[WhiteElo "2349"]
[BlackElo "2281"]

1.d4 d5 2.c4 c6 3.Nc3 Nf6 4.e3 e6 5.Nf3 Nbd7 6.Bd3 dxc4 7.Bxc4 b5 8.Bd3 a6
9.e4 c5 10.e5 cxd4 11.Nxb5 Nxe5 12.Nxe5 axb5 13.Bxb5+ Nd7 14.O-O Bd6 15.Qxd4 Bxe5
16.Qxe5 O-O 17.Qg3 Qf6 18.Rd1 Ne5 19.Bg5 Qf5 20.Be7 Bb7 21.Bxf8 Rxf8 22.a4 h5
23.h4 f6 24.b4 Kh8 25.Rd4 Qc2 26.Rad1 Bd5 27.a5 Rg8 28.Qf4 Qg6 29.Rxd5 exd5
30.Rxd5 Qb1+ 31.Bf1 Rb8 32.b5 Rc8 33.a6 Rc1 34.Rd8+ Kh7 35.Qxc1 Qxc1 36.a7  1-0

[Event "It C"]
[Site "Dos Hermanas ESP"]
[Date "2005.04.09"]
[Round "9"]
[White "Ivanov,J"]
[Black "Kononenko,T"]
[Result "0-1"]
[WhiteElo "2350"]
[BlackElo "2416"]

1.d4 d5 2.c4 c6 3.e3 Nf6 4.Nc3 e6 5.Nf3 Nbd7 6.Qc2 Bd6 7.b3 O-O 8.Be2 b6
9.O-O Bb7 10.Bb2 Qe7 11.e4 Nxe4 12.Nxe4 dxe4 13.Qxe4 f5 14.Qc2 c5 15.Rfe1 Be4
16.Qd2 cxd4 17.Nxd4 Rad8 18.Bd3 Nc5 19.Bxe4 fxe4 20.Qe2 Qh4 21.g3 Qh3 22.Red1 Be5
23.Nc6 Bxb2 24.Qxb2 Nd3 25.Qe2 Rd7 26.Rf1 Rc8 27.Qxe4 Qf5 28.Qxf5 exf5 29.Nxa7 Rxa7
30.Rad1 Nc5 31.Rd2 Ne4 32.Re2 Rd8 33.Kg2 Rd2  0-1

[Event "7th UI&UL GM"]
[Site "Dhaka BAN"]
[Date "2005.04.10"]
[Round "7"]
[White "Mohota,N"]
[Black "Ram,S"]
[Result "0-1"]
[WhiteElo "2297"]
[BlackElo "2255"]

1.d4 d5 2.Nf3 Nf6 3.c4 c6 4.Nc3 e6 5.e3 Nbd7 6.Bd3 dxc4 7.Bxc4 b5 8.Be2 Bb7
9.O-O a6 10.e4 c5 11.e5 Nd5 12.a4 b4 13.Ne4 Qb6 14.Nfd2 cxd4 15.Nc4 Qa7 16.Re1 h6
17.Ned6+ Bxd6 18.Nxd6+ Ke7 19.Nxb7 Qxb7 20.Qxd4 Rhd8 21.a5 Qa7 22.Qh4+ Kf8
23.Bc4 Ne7 24.Bf1 Nd5 25.Bd2 Qb7 26.Ra4 Rab8 27.Bc4 Kg8 28.Raa1 Nf8 29.Qe4 Ng6
30.Re2 Rbc8 31.h4 Nxe5 32.Bxa6 Qxa6 33.Qxe5 Rc2 34.Kf1 Rxd2  0-1

[Event "ch-CUB GpB"]
[Site "Santa Clara CUB"]
[Date "2005.04.10"]
[Round "4"]
[White "Gonzalez,Y"]
[Black "Perez,Rod"]
[Result "1/2-1/2"]
[WhiteElo "2482"]
[BlackElo "2437"]

1.d4 d5 2.c4 c6 3.Nc3 Nf6 4.Nf3 e6 5.e3 a6 6.Bd3 dxc4 7.Bxc4 c5 8.O-O b5
9.Bd3 Bb7 10.Qe2 cxd4 11.exd4 Be7 12.Bg5 O-O 13.Rad1 Nbd7 14.a3  1/2-1/2

[Event "ch-CUB GpA"]
[Site "Santa Clara CUB"]
[Date "2005.04.10"]
[Round "4"]
[White "Almeida,O"]
[Black "Perez,Lu"]
[Result "1-0"]
[WhiteElo "2452"]
[BlackElo "2420"]

1.d4 d5 2.Nf3 Nf6 3.c4 c6 4.e3 e6 5.Nc3 Nbd7 6.Be2 Bd6 7.O-O O-O 8.Qc2 dxc4
9.a4 a6 10.Nd2 c5 11.Nxc4 cxd4 12.Nxd6 dxc3 13.Qxc3 Qe7 14.Rd1 Rd8 15.e4 Nf8
16.e5 Nd5 17.Qg3 Ng6 18.h4 f6 19.Nxc8 Raxc8 20.exf6 Qxf6 21.Bg5 Qxb2 22.Bxd8 Qxe2
23.Re1 Qb2 24.Rab1 Qd4 25.Qd6 Rc6 26.Qb8 Nf8 27.Rxb7 Rc2 28.Qg3 Nf4 29.Bb6 Qf6
30.Kh2 h6 31.Bd8  1-0

[Event "7th UI&UL GM"]
[Site "Dhaka BAN"]
[Date "2005.04.11"]
[Round "8"]
[White "Uten"]
[Black "Suresh,KT"]
[Result "0-1"]
[WhiteElo "2177"]
[BlackElo "2226"]

1.d4 d5 2.c4 c6 3.Nc3 Nf6 4.Nf3 e6 5.e3 Nbd7 6.Bd3 dxc4 7.Bxc4 b5 8.Bd3 Bb7
9.O-O a6 10.Qe2 c5 11.b3 Be7 12.Rd1 cxd4 13.exd4 O-O 14.Bb2 Rc8 15.Ne5 Nb6
16.Rac1 Nbd5 17.Nxd5 Qxd5 18.f3 Rfd8 19.a4 Qxb3 20.axb5 axb5 21.Bxb5 Nd5
22.Bc6 Bg5 23.Rc5 Ba6 24.Qxa6 Qxd1+ 25.Kf2 Qd2+  0-1

[Event "ch-VIE Playoff w"]
[Site "Hue VIE"]
[Date "2005.04.11"]
[Round "1.1"]
[White "Nguyen Thi Thanh An"]
[Black "Le Kieu Thien Kim"]
[Result "1/2-1/2"]
[WhiteElo "2358"]
[BlackElo "2328"]

1.Nf3 Nf6 2.d4 d5 3.c4 c6 4.e3 e6 5.Nc3 Nbd7 6.Qc2 Bd6 7.b3 O-O 8.Be2 Qe7
9.O-O Re8 10.Rd1 h6 11.e4 dxe4 12.Nxe4 Nxe4 13.Qxe4 e5 14.Bb2 Nf6 15.Qh4 e4
16.Ne1 Qf8 17.f4 exf3 18.Bxf3 Bf5 19.Nd3 Be4 20.Ne5 Bxf3 21.gxf3 c5 22.Rd2 cxd4
23.Ng4 Nxg4 24.Qxg4 Re6 25.Kh1 Rae8 26.Bxd4 Bc5 27.Bxc5 Qxc5 28.Rg2 Rg6 29.Qd7 Ree6
30.Rxg6 Rxg6 31.Rf1  1/2-1/2

[Event "ch-RUS u18"]
[Site "Nojabrsk RUS"]
[Date "2005.04.11"]
[Round "6"]
[White "Verzhansky,A"]
[Black "Musaev,M"]
[Result "1/2-1/2"]
[WhiteElo "2360"]
[BlackElo "2192"]

1.d4 d5 2.c4 c6 3.Nf3 Nf6 4.Nc3 e6 5.e3 Nbd7 6.Bd3 dxc4 7.Bxc4 b5 8.Bd3 Bd6
9.O-O O-O 10.Qc2 Bb7 11.a3 a6 12.e4 e5 13.Bg5 Re8 14.dxe5 Nxe5 15.Nxe5 Bxe5
16.f4 Qb6+ 17.Kh1 Bxc3 18.bxc3 Nd7 19.e5 h6 20.Bh4 c5 21.Rad1 Qc7 22.Qe2 c4
23.Bb1 Nc5 24.Qg4 Kh8 25.Qf5 Nd3 26.Bf6 gxf6 27.Rxd3 cxd3 28.Bxd3 Kg8 29.Qh7+ Kf8
30.Qxh6+ Ke7 31.Qxf6+ Kf8 32.Qh6+ Ke7  1/2-1/2

[Event "TCh-BEL 2004-5"]
[Site "Belgium BEL"]
[Date "2005.04.15"]
[Round "9"]
[White "Malakhatko,V"]
[Black "Gurevich,M"]
[Result "1/2-1/2"]
[WhiteElo "2569"]
[BlackElo "2634"]

1.d4 d5 2.c4 c6 3.Nc3 Nf6 4.e3 e6 5.Nf3 a6 6.Qc2 c5 7.cxd5 exd5 8.Be2 Nc6
9.O-O Be6 10.Rd1 Nb4 11.Qd2 Ne4 12.Nxe4 dxe4 13.a3 exf3 14.Bxf3 Nc6 15.d5 Ne5
16.dxe6  1/2-1/2

[Event "Extraliga CZE 2004-5"]
[Site "Czech Rep CZE"]
[Date "2005.04.17"]
[Round "11"]
[White "Likavsky,T"]
[Black "Malik,J"]
[Result "1-0"]
[WhiteElo "2459"]
[BlackElo "2233"]

1.d4 d5 2.c4 e6 3.Nf3 Nf6 4.Nc3 c6 5.e3 Nbd7 6.Qc2 Be7 7.g4 dxc4 8.Bxc4 b5
9.Bd3 a6 10.g5 Nd5 11.Nxd5 cxd5 12.h4 Bb7 13.Bd2 Rc8 14.Qb3 Nb6 15.Ba5 Qd6
16.Bxb6 Qxb6 17.Ke2 Bd6 18.Rag1 Ke7 19.h5 g6 20.Rh4 a5 21.hxg6 a4 22.Qxb5 Rc2+
23.Kf1 Qxb5 24.Bxb5 Rxb2 25.Rxh7  1-0

[Event "Open"]
[Site "Metz FRA"]
[Date "2005.04.18"]
[Round "3"]
[White "Ivanov,J"]
[Black "Svetushkin,D"]
[Result "1/2-1/2"]
[WhiteElo "2350"]
[BlackElo "2530"]

1.d4 d5 2.c4 c6 3.Nf3 Nf6 4.Nc3 e6 5.e3 Nbd7 6.Qc2 Bd6 7.b3 O-O 8.Bb2 b6
9.Bd3 Bb7 10.O-O Qe7 11.Rfe1 h6 12.e4 dxc4 13.bxc4 e5 14.Ne2 Rfe8 15.Ng3 g6
16.c5 bxc5 17.dxe5 Nxe5 18.Nxe5 Bxe5 19.Bxe5 Qxe5 20.Bc4 Re7 21.Rad1 Rae8
22.Qc1 Qg5 23.f4 Qh4 24.e5 Ng4 25.Nf1 h5 26.Qc2 Kg7 27.g3 Qh3 28.Rd6 Bc8
29.Ne3 h4 30.Bf1 Nxe3 31.Rxe3 Qf5 32.Qxf5 Bxf5 33.Rxc6 hxg3 34.hxg3 Rd8 35.Rxc5 Rd2
36.Re2 Rd1 37.Kf2 Rb7 38.Bg2 Rb4 39.Ra5 Bd3 40.a3 Rb6 41.Ra2 Bc4 42.Rc2 Bd3
43.Ra2 Bc4  1/2-1/2

[Event "Open"]
[Site "Metz FRA"]
[Date "2005.04.18"]
[Round "3"]
[White "Bronznik,V"]
[Black "Gurevich,M"]
[Result "0-1"]
[WhiteElo "2389"]
[BlackElo "2630"]

1.d4 d5 2.c4 c6 3.Nf3 Nf6 4.Nc3 e6 5.e3 a6 6.Qc2 c5 7.cxd5 exd5 8.dxc5 Bxc5
9.Ne2 Ne4 10.Ned4 Nd7 11.a3 Ndf6 12.Bd3 Bg4 13.b4 Ba7 14.Bb2 O-O 15.Be2 Rc8
16.Qd3 Nd6 17.O-O Nc4 18.Bc3 Ne4 19.Rfc1 Bb8 20.Be1 Qf6 21.b5 axb5 22.Nxb5 Rfd8
23.Rab1 Qh6 24.g3 Qh5 25.Nbd4 Bd6 26.Bb4 Be5 27.Nxe5 Nxe5 28.Qd1 Nxf2 29.Kxf2 Qxh2+
30.Ke1 Qxg3+ 31.Kd2 Bxe2 32.Kxe2 Qg2+ 33.Ke1 Qe4 34.Ke2 Rc4 35.Rxc4 dxc4
36.Bc3 Qg2+ 37.Ke1 Nd3+  0-1

[Event "7th Rector Cup"]
[Site "Kharkiv UKR"]
[Date "2005.04.20"]
[Round "1"]
[White "Tihonov,J"]
[Black "Nalivajko,E"]
[Result "1-0"]
[WhiteElo "2466"]
[BlackElo "2270"]

1.Nf3 d5 2.c4 c6 3.e3 Nf6 4.Nc3 e6 5.d4 Be7 6.Bd3 O-O 7.O-O Nbd7 8.Qe2 dxc4
9.Bxc4 c5 10.dxc5 Nxc5 11.e4 Bd7 12.e5 Ne8 13.Rd1 Qc7 14.Bf4 a6 15.Rac1 Bc6
16.Nd4 Rd8 17.b4 Na4 18.Ne4 Bxb4 19.Nxc6 Rxd1+ 20.Qxd1 Qxc6 21.Bd3 Nc5 22.Nxc5 Bxc5
23.Qc2 Ba3 24.Qxc6 bxc6 25.Rxc6 a5 26.Bd2 Bb4 27.Bxb4 axb4 28.Rc4 f6 29.Rxb4 fxe5
30.Rb8 Kf7 31.a4 Ke7 32.a5 Rf4 33.a6 Ra4 34.Rxe8+  1-0

[Event "Torch Real Estate Cup"]
[Site "Jinan CHN"]
[Date "2005.04.21"]
[Round "2"]
[White "Tan Zhongyi"]
[Black "Liu Pei"]
[Result "0-1"]
[WhiteElo "2276"]
[BlackElo "2290"]

1.d4 d5 2.c4 c6 3.Nf3 Nf6 4.Nc3 e6 5.e3 Nbd7 6.Bd3 Bd6 7.O-O O-O 8.Qc2 dxc4
9.Bxc4 a6 10.Rd1 b5 11.Be2 Qe7 12.e4 e5 13.g3 Rd8 14.dxe5 Nxe5 15.Bg5 Bh3
16.Bxf6 gxf6 17.Nxe5 Bxe5 18.Bf3 Rxd1+ 19.Rxd1 Rd8 20.Qe2 Be6 21.Bg4 b4 22.Rxd8+ Qxd8
23.Nd1 a5 24.Ne3 Kf8 25.Bf5 Bxa2 26.Bxh7 Be6 27.Bf5 Ke7 28.h4 Bd4 29.h5 a4
30.h6 a3 31.bxa3 b3 32.Bxe6 fxe6 33.Nc4 Qg8 34.Kg2 e5 35.Nd2 b2 36.Qh5 Qh7
37.g4 b1=Q 38.Nxb1 Qxe4+ 39.Kh2 Qf4+ 40.Kh1 Qxf2  0-1

[Event "Torch Real Estate Cup"]
[Site "Jinan CHN"]
[Date "2005.04.22"]
[Round "3"]
[White "Zhang Ziyang"]
[Black "Zhang Pengxiang"]
[Result "1/2-1/2"]
[WhiteElo "2209"]
[BlackElo "2583"]

1.d4 d5 2.c4 e6 3.Nc3 c6 4.Nf3 Nf6 5.e3 Nbd7 6.Qc2 Bd6 7.Bd2 O-O 8.O-O-O Qe7
9.e4 dxe4 10.Nxe4 Nxe4 11.Qxe4 e5 12.dxe5 Nxe5 13.Nxe5 Qxe5 14.Bd3 Qxe4 15.Bxe4 Re8
16.Rhe1 Bg4 17.f3 Be6 18.Bd3 Rad8 19.Kc2 Bxh2 20.Rh1 Rxd3 21.Kxd3 Bg3 22.Kc2 Bxc4
23.Be1 Bc7 24.Rd7 Rc8 25.b3 Be6 26.Rd1 Re8 27.Bc3 Bg3 28.Kb2 h6 29.Be1 Bc7
30.Bc3 Kh7 31.Rhe1 Bg3 32.Re4 g5 33.Be1 Bc7 34.Bc3 h5 35.Rxe6 Rxe6 36.Rd7 Bb6
37.Rxf7+ Kg6 38.Rg7+ Kh6 39.Rg8 Re2+ 40.Ka3 Rxg2 41.f4 h4 42.fxg5+ Kh5 43.Rh8+ Kg6
44.Rxh4 a5 45.b4 axb4+ 46.Bxb4 Rxg5 47.Kb3 Rg3+ 48.Kc4 Bf2 49.Bd2 b5+ 50.Kb4 Rd3
51.Rh6+ Kg7 52.Rxc6 Rxd2 53.Kxb5 Rxa2 54.Kc4 Bh4 55.Kd5 Bf6 56.Ke4 Kg6 57.Rc5 Ra4+
58.Kd3 Kf7 59.Rc4 Ra6 60.Ke4 Ke6 61.Rb4 Be7 62.Rc4 Bd6 63.Kd3 Ra1 64.Ke4 Rh1
65.Kd3 Be5 66.Ke4 Kd6 67.Kf3 Kd5 68.Rg4 Rh3+ 69.Kf2 Ke6 70.Ke2 Kf5 71.Rc4 Bf4
72.Rc5+ Kg4 73.Rc4 Ra3 74.Rd4 Rc3 75.Ra4 Re3+ 76.Kd1 Kf3 77.Kc2 Be5 78.Rc4 Ke2
79.Rc5 Bd4 80.Rc8 Re6 81.Rc4 Ke3 82.Rc8 Ke4 83.Rc4 Rb6 84.Kd2 Rh6 85.Rc2 Rh3
86.Ke2 Bc3 87.Kf1 Kd3 88.Kg2 Rh8 89.Ra2 Be5 90.Ra3+ Ke4 91.Ra4+ Bd4 92.Ra3 Rb8
93.Kf1 Be3 94.Ke2 Rb2+ 95.Kd1 Rd2+ 96.Ke1 Kf3 97.Rc3 Rd8 98.Rb3 Rc8 99.Rb1 Rc3
100.Kd1 Ke4 101.Ke2 Rc2+ 102.Kd1 Rd2+ 103.Ke1 Ra2 104.Rb4+ Kf3  1/2-1/2

[Event "TCh-RUS w"]
[Site "Sochi RUS"]
[Date "2005.04.23"]
[Round "5"]
[White "Zhukova,N"]
[Black "Chernova,A"]
[Result "1/2-1/2"]
[WhiteElo "2479"]
[BlackElo "2081"]

1.d4 d5 2.c4 e6 3.Nf3 Nf6 4.Nc3 c6 5.e3 Be7 6.Bd3 O-O 7.O-O Nbd7 8.b3 b6
9.Bb2 Bb7 10.Qe2 c5 11.Rfd1 dxc4 12.bxc4 cxd4 13.exd4 a6 14.Ne5 Qc7 15.Nxd7 Qxd7
16.Qe3 Rac8 17.Qh3 g6 18.Rab1 Rfd8 19.Ba1 Qc6 20.Be2 Ba8 21.d5 exd5 22.cxd5 Qd7
23.Qxd7 Rxd7 24.Bxa6 Rcd8 25.Bb5 Rd6 26.Re1 Bf8 27.Bc4 Bxd5 28.Nxd5 Nxd5
29.Be5 R6d7 30.Bb5 Ra7 31.a4 Nc7 32.Bc6 Bc5 33.Red1 Ne6 34.Rxd8+ Nxd8 35.Bb5 Kf8
36.g4 Ne6 37.Rd1 Ra8 38.Bf6 Be7 39.Bxe7+ Kxe7 40.Rd7+ Kf8 41.h4 Nc5 42.Rd4 Ke7
43.g5 Rd8 44.Rxd8 Kxd8 45.Kg2 Ke7 46.Kf3 f6 47.Ke3 fxg5 48.hxg5 Ke6 49.f4 Kf5
50.Kf3 Ke6 51.Kg4 Kd6 52.f5 gxf5+ 53.Kxf5 Ke7 54.Ke5 Kf7 55.Kd5 Kg6 56.a5 bxa5  1/2-1/2